| 000 | 01010cam a2200277 i 4500 | ||
|---|---|---|---|
| 003 | SA-RiAUC | ||
| 005 | 20250411114211.0 | ||
| 008 | 250312q19001999le g 00000 ara c | ||
| 040 |
_aSA-RiKSU _bara _cSA-RiAUC _erda |
||
| 041 | 1 |
_aara _hund |
|
| 043 | _ama----- | ||
| 082 | 0 | 4 | _a306.091751 |
| 090 |
_a306.091751 _b م ا ل |
||
| 100 | 0 |
_aمالك بن نبي، _d1905-1973 _eمؤلف. |
|
| 245 | 1 | 0 |
_aحديث في البناء الجديد / _cمالك بن نبي ؛ ترجمة عمر كامل مسقاوي. |
| 264 | 1 |
_aبيروت : _bالمكتبة العصرية، _c[بين 1900 و1999] |
|
| 300 | _a160 صفحة | ||
| 336 |
_aنص _btxt _2rdacontent _3كتاب |
||
| 337 |
_aبدون وسيط _bn _2rdamedia |
||
| 338 |
_aمجلد _bnc _2rdacarrier |
||
| 650 | 7 |
_aالثقافة العربية _2aucsh |
|
| 650 | 7 |
_aالحضارة العربية _2aucsh |
|
| 700 | 1 |
_aمسقاوي، عمر كامل، _d1935- _eمترجم. |
|
| 942 |
_2ddc _cBOOK _n0 |
||
| 949 |
_aSA-JeALM _d250312 _umohamedma123 _n1 |
||
| 999 |
_c6872 _d6872 |
||